000 00892nam a2200265Ia 4500
001 21850
005 20260320113318.0
008 260320s9999||||xx |||||||||||||| ||und||
020 _a9789587719116
041 _aESP
082 _a332.678
_bM42
100 _aMéndez Lozano, Rafael,
_eAUT
245 0 _aFormulación y evaluación de proyectos :
_benfoque para emprendedores
246 _a
_5
_b
250 _aDecima edición. Reimpresión
260 _aBogotá :
_bEcoe Ediciones Limitada,
_c2021
300 _axxxii, 544 páginas :
_bilustraciones, tablas ;
_c24 cm.
_e
440 _a
_n
_v
650 _aCIS
653 _aEvaluación de proyectos; Administración de proyectos; Elaboración de proyectos
654 _aCAN
700 _a
_c
856 _uhttps://www-bibliotechnia-com-mx.ucsp.lookproxy.com/
_zVéase además: Base de datos BiblioTechnia
942 _cLIB
_dJUS
_fMAT
_2ddc
_n
999 _c21850
_d21850